Dizertačná práca: Finančné krytie poistením a finančným vrstvením v investičnom rozhodovaní

Na minha lista:
Detalhes bibliográficos
Autor principal: Starečková, Anna
Formato: Capítulo de Livro
Idioma:eslovaco
Tags: Adicionar Tag
Sem tags, seja o primeiro a adicionar uma tag!

MARC

LEADER 00000naa$a2200000$$$4500
001 0063385
005 20240502071729.2
041 0 |a slo 
044 |a SK 
245 1 0 |a Dizertačná práca: Finančné krytie poistením a finančným vrstvením v investičnom rozhodovaní  |c Anna Starečková 
100 1 |a Starečková, Anna